000 00291nam a2200109Ia 4500
008 200302s9999 xx 000 0 und d
100 _aScottish Civic Trust
245 _aNew uses for Older Buildings in Scotland
260 _bHer Majesty's Stationery Office
260 _c1981
300 _a164 P.,
999 _c518
_d518